000 00989cam a2200193 i 4500
005 20251222104052.0
008 250721s1995 ua gr 000 0 ara d
082 1 4 _a218,51
_bع ب د
100 1 _aبن هبة الله، شرف الدين عبد المؤمن،
_d- 600 ه،
_eمؤلف.
245 1 0 _aأطباق الذهب في المواعظ البليغة /
_cشرف الدين عبد المؤمن بن هبة الله المغربي ؛ شرحه العلامة الشيخ يوسف بن إسماعيل النبهاني ؛ حققه وعلق عليه أحمد عبد التواب عوض.
264 3 1 _aالقاهرة :
_bدار الفضيلة،
_c1995.
300 _a271 صفحة.
650 1 7 _aالوعظ والإرشاد.
650 1 7 _aالحكم (الأمثال).
700 1 _aالنبهاني، يوسف بن إسماعيل بن يوسف،
_eشارح.
_d- 1350 ه،
700 1 _aعوض، أحمد عبد التواب
_eمحقق.
942 _2ddc
_cBK
999 _c4455
_d4455